000 00387pab a2200145 454500
008 180718b2000 xxu||||| |||| 00| 0 eng d
245 _aDECENTRALIZATION and citizen participation in Africa
260 _c2000
300 _ap.3-215
362 _aSpring
650 _aDecentralization - Africa
650 _aDecentralization
773 _aRegional Development Dialogue
909 _a45669
999 _c45669
_d45669